One Piece- Cet élément a-t-il eu lieu dans l'anime ?- Mort subite - Statistiques

Statistiques générales
  • Ce quiz a été pris 1 326 fois
    570 depuis la dernière actualisation
  • Le résultat moyen est 5 sur 15
Answers on the Grid
Answers color-coded by a green-red scale on the quiz's grid according to % correct below.
Usopp utilise un Dial contre Luffy
Zoro s'entraîne avec des haltères
Les garçons de l'équipage de Luffy jouent au ballon sur la plage
Chopper et Brook plongent pour sauver Luffy de la noyade mais se noient eux aussi
Le Vogue Merry tombe du ciel
La Carte de vie d'Ace brûle
On assiste à un combat entre Zoro et Fujitora sur un bateau
L'équipage de Luffy navigue au milieu de monstres marins
Doflamingo et Kuma sont dans la même pièce que Sengoku
Le General Franky combat un Géant
L'équipage au grand complet se place en ligne sur le Thousand Sunny
L'équipage fait une bataille de pistolets à eau sur le bateau
Koby et Hermepp font équipe avec Smoker
Une météorite manque de toucher Law
Luffy est assis sur la proue du bateau
Robin et Zoro jouent au jeu de go
Luffy détruit le mur d'une base de la Marine avec son Gear Third
Brook affronte Big Mom
Sanji pousse ses compagnons à l'extérieur de Bege
Chopper donne à manger à des mouettes
Hiyori fait un câlin à Zoro
Kid et Law propulsent Luffy dans les airs
Kid fait la fête avec Luffy en l'honneur de la victoire de l'alliance sur Kaido
Bonney est sur le bateau de l'équipage de Luffy
Sanji et Pudding fabriquent un énorme gâteau
 
Statistiques - réponses
Réponse % Correct
Zoro s'entraîne avec des haltères
47%
La Carte de vie d'Ace brûle
46%
Brook affronte Big Mom
45%
Le Vogue Merry tombe du ciel
42%
Chopper et Brook plongent pour sauver Luffy de la noyade mais se noient eux aussi
39%
Luffy est assis sur la proue du bateau
39%
Hiyori fait un câlin à Zoro
38%
Sanji et Pudding fabriquent un énorme gâteau
38%
Usopp utilise un Dial contre Luffy
38%
Bonney est sur le bateau de l'équipage de Luffy
31%
Une météorite manque de toucher Law
29%
L'équipage de Luffy navigue au milieu de monstres marins
28%
Doflamingo et Kuma sont dans la même pièce que Sengoku
27%
Sanji pousse ses compagnons à l'extérieur de Bege
24%
Kid et Law propulsent Luffy dans les airs
21%
Aucun quiz correspondant
Distribution des résultats
% des personnes avec chaque résultat
Percentile par nombre de réponses
Votre historique - résultats
Vous n’avez pas pris ce quiz depuis la dernière actualisation